Drapeaux vert-blanc-rouge - Statistiques

Statistiques générales
  • Ce quiz a été pris 55 039 fois
  • Le résultat moyen est 9 sur 11
Statistiques - réponses
Par images Réponse % Correct
Algérie
99%
Italie
98%
Liban
95%
Iran
91%
Hongrie
87%
Bulgarie
86%
Biélorussie
79%
Madagascar
71%
Oman
57%
Maldives
55%
Burundi
54%
Aucun quiz correspondant
Distribution des résultats
% des personnes avec chaque résultat
Percentile par nombre de réponses
Votre historique - résultats
Vous n’avez pas pris ce quiz